Etudes sur la littérature depuis Homere jusque a l'école romantique / (Registro nro. 25968)
[ vista simple ]
| 000 -LEADER | |
|---|---|
| campo de control de longitud fija | 00502nam a2200145 i 4500 |
| 001 - NÚMERO DE CONTROL | |
| campo de control | 25968 |
| 003 - IDENTIFICADOR DE NÚMERO DE CONTROL | |
| campo de control | ES-MaACL |
| 007 - CAMPO FIJO DE DESCRIPCIÓN FÍSICA--INFORMACIÓN GENERAL | |
| campo de control de longitud fija | t| |
| 008 - DATOS DE LONGITUD FIJA--INFORMACIÓN GENERAL | |
| campo de control de longitud fija | 030107s1863 fr ||||1| fre d |
| 100 1# - ENTRADA PRINCIPAL--NOMBRE DE PERSONA | |
| Nombre de persona | Artaud, Nicolas-Louis. |
| 9 (RLIN) | 23426 |
| 245 10 - MENCIÓN DEL TÍTULO | |
| Título | Etudes sur la littérature depuis Homere jusque a l'école romantique / |
| Mención de responsabilidad, etc. | Nicolas-Louis Artaud ; recueillies et publiciées par le fils del'auteur. |
| 260 ## - PUBLICACIÓN, DISTRIBUCIÓN, ETC. | |
| Lugar de publicación, distribución, etc. | París : |
| Nombre del editor, distribuidor, etc. | [s.n., |
| Fecha de publicación, distribución, etc. | 1863] ( |
| Fabricante | Reuri Plon) |
| 300 ## - DESCRIPCIÓN FÍSICA | |
| Extensión | XIX, 360 p. ; |
| Dimensiones | 23 cm. |
| 852 ## - LOCALIZACIÓN | |
| Ubicación | ES-MaACL |
| Número de control de estantería | G-11907 |
| Estatus retirado | Estado de pérdida | Estado de daño | No para préstamo | Colección | Biblioteca de origen | Biblioteca actual | Ubicación en estantería | Fecha de adquisición | Fuente de adquisición | Total de préstamos | Signatura topográfica completa | Código de barras | Visto por última vez | Precio de reemplazo | Tipo de ítem Koha |
|---|---|---|---|---|---|---|---|---|---|---|---|---|---|---|---|
| Libros del s. XIX | Biblioteca del Ateneo de Madrid | Biblioteca del Ateneo de Madrid | Sala Pecera Planta 3 | 17/01/2008 | G-11907 | 1026790 | 23/02/2023 | 23/02/2023 | Libro impreso antiguo |
